Które miasto w Szwajcarii? - Statystyki

Ogólne statystyki
  • Ten quiz został rozwiązany 70 razy
  • Średni wynik to 9 z 17
Statystyki odpowiedzi
opis litera miasto % Poprawnych
Stolica Szwajcarii B Berno
100%
Najbardziej zaludnione miasto Szwajcarii Z Zurych
100%
Miasto francuskojęzyczne, znane jako miejsce pokojowe ze względu na siedziby ONZ lub WHO G Genewa
98%
Siedziba MKOl L Lozanna
81%
Położone nad rzeką Ren, blisko granic francuskiej i niemieckiej B Bazylea
71%
Największe miasto włoskojęzyczne, znane z klimatu śródziemnomorskiego L Lugano
67%
Bardzo turystyczne miasto, z domem Kapellbrücke - najstarszym drewnianym mostem krytym na świecie L Lucerna
63%
Jedyne miasto w Szwajcarii, które gościło Igrzyska Olimpijskie S Sankt Moritz
54%
Miejsce corocznego spotkania Światowego Forum Ekonomicznego D Davos
52%
Dosłownie "wolne miasto", ma taką samą nazwę jak miasto niemieckie na Brisgau F Fryburg
52%
Założone przez irlandzkiego mnicha o imieniu "Gall" S Sankt Gallen
50%
Miasto francuskojęzyczne, które było rezydencją królów Prus N Neuchâtel
40%
Ośrodek narciarski u stóp Matterhornu Z Zermatt
35%
Miejsce słynnego Festiwalu Jazzowego nad Jeziorem Genewskim, niedaleko Château de Chillon M Montreux
25%
Jego nazwa oznacza "między jeziorami", blisko gór Jungfraujoch lub Eiger I Interlaken
21%
Włoskojęzyczne miasto, które podczas festiwalu filmowego przyznaje Złotego Lamparta L Locarno
21%
Dzieli swoją nazwę z znanym szwajcarskim serem G Gruyères
17%
Nie znaleziono quizów pasujących do podanych kryteriów
Rozkład punktacji
Procent ludzi z każdym wynikiem
Percentyl według liczby udzielonych odpowiedzi
Twoja historia wyników
Nie rozwiązałeś tego quizu